Teología de San José / (Record no. 170788)

MARC details
000 -LEADER
campo de control de longitud fija 01007nam a2200229 i 4500
001 - NÚMERO DE CONTROL
campo de control 170788
003 - IDENTIFICADOR DE NÚMERO DE CONTROL
campo de control ES-MaACL
005 - FECHA Y HORA DE LA ÚLTIMA TRANSACCIÓN
campo de control 20250808062743.0
008 - DATOS DE LONGITUD FIJA--INFORMACIÓN GENERAL
campo de control de longitud fija 090406s1953 sp |||| | spa d
100 1# - ENTRADA PRINCIPAL--NOMBRE DE PERSONA
Nombre de persona Llamera, Bonifacio Francisco.
9 (RLIN) 139742
245 10 - MENCIÓN DEL TÍTULO
Título Teología de San José /
Mención de responsabilidad, etc. por Bonifacio Llamera.
Resto del título Y edición bilingüe, versión e introducción por el mismo autor de la Suma de los dones de San José / por Isidoro de Isolano.
260 ## - PUBLICACIÓN, DISTRIBUCIÓN, ETC.
Lugar de publicación, distribución, etc. Madrid :
Nombre del editor, distribuidor, etc. La Editorial Católica,
Fecha de publicación, distribución, etc. 1953.
300 ## - DESCRIPCIÓN FÍSICA
Extensión XXVII, 662 p. ;
Dimensiones 20 cm.
490 1# - MENCIÓN DE SERIE
Mención de serie Biblioteca de autores cristianos ;
Designación de volumen o secuencia 108
546 ## - NOTA DE IDIOMA
Nota de lengua/lenguaje Texto en español ; texto en latín y traducción en español.
594 ## - Nota al título y mención de responsabilidad
Nota al título y mención de responsabilidad Traducción de : Summa de donis Sancti Ioseph.
700 1# - ENTRADA AGREGADA--NOMBRE PERSONAL
Nombre de persona Isolano, Isidoro de.
Título de la obra Summa de donis Sancti Ioseph.
Lenguaje de la obra Español-Latín.
9 (RLIN) 139743
740 0# - ENTRADA AGREGADA--TÍTULO RELACIONADO/ANALÍTICO NO CONTROLADO
Título relacionado o analítico no controlado Suma de los dones de San José.
830 00 - PUNTO DE ACCESO ADICIONAL DE SERIE-TÍTULO UNIFORME
Título uniforme Biblioteca de autores cristianos
Designación de volumen o secuencia 108
9 (RLIN) 178679
852 ## - LOCALIZACIÓN
Ubicación ES-MaACL
Número de control de estantería J-106
itemnumber R.173846
Holdings
Estatus retirado Estado de pérdida Estado de daño No para préstamo Biblioteca de origen Biblioteca actual Ubicación en estantería Fecha de adquisición Fuente de adquisición Total de préstamos Signatura topográfica completa Código de barras Visto por última vez Precio de reemplazo Tipo de ítem Koha
        Biblioteca del Ateneo de Madrid Biblioteca del Ateneo de Madrid Depósito 2 06/04/2009     J-106 1179241 23/02/2023 23/02/2023 Libro impreso